000 00529nam a2200205 4500
001 2187871
005 20180224070722.0
008 730727s1973 ilua b 001 0 eng
010 _a 72076791
040 _aDLC
_cDLC
_dDLC
041 _aeng
080 _a658.9359
082 0 0 _a658.9359 PFA
100 1 _a9
101 _aMJE
245 1 4 _aThe retail florist business
_c[by] Peter B. Pfahl.
504 _aIncludes bibliographical references.
906 _a7
_bcbc
_corignew
_d2
_eopcn
_f19
_gy-gencatlg
942 _2ddc
_cBK
999 _c43372
_d43372